000 01296nam a2200337Ia 4500
001 ebr10421677
003 CaPaEBR
006 m u
007 cr cn|||||||||
008 100707s2010 nju sb 001 0 eng d
010 _z 2010028375
020 _z9780691147178 (cloth : alk. paper)
020 _z9781400836956 (ebook)
040 _aCaPaEBR
_cCaPaEBR
035 _a(OCoLC)677158655
050 1 4 _aB1649.O344
_bB68 2010eb
082 0 4 _a192
_222
100 1 _aBotwinick, Aryeh.
245 1 0 _aMichael Oakeshott's skepticism
_h[electronic resource] /
_cAryeh Botwinick.
260 _aPrinceton, N.J. :
_bPrinceton University Press,
_c2010.
300 _axiii, 250 p.
490 1 _aPrinceton monographs in philosophy
504 _aIncludes bibliographical references and index.
533 _aElectronic reproduction.
_bPalo Alto, Calif. :
_cebrary,
_d2011.
_nAvailable via World Wide Web.
_nAccess may be limited to ebrary affiliated libraries.
600 1 0 _aOakeshott, Michael,
_d1901-1990.
650 0 _aSkepticism.
655 7 _aElectronic books.
_2local
710 2 _aebrary, Inc.
830 0 _aPrinceton monographs in philosophy.
856 4 0 _uhttp://site.ebrary.com/lib/rucke/Doc?id=10421677
_zAn electronic book accessible through the World Wide Web; click to view
999 _c140104
_d140104